000 01019nas a2200349 4500
001 BR0602852
003 BR-BrBNA
005 20231205110104.0
007 ta
008 230509b bl.|||p| |||| 00| 00por d
040 _aBR-BrBNA
_bpor
_cBiblioteca Nacional de Agricultura
041 _a(En)
072 _aL72; L70
100 1 _aMartins, I.V.F.
100 1 _aPereira, M.J.S.
100 1 _aGrisi, L.
100 1 _aScott, F.B.
245 1 _aSeasonal abundance of equine strongyles (Nematoda: Strongylildae)in the State of Rio de Janeiro, Brazil
650 _aEQUINO
650 _aNEMATÓIDE
650 _aLARVA
650 _aESTÔMAGO
650 _aINTESTINO DELGADO
650 _aCECO
650 _aSECA
650 _aCHUVA
650 _aANTI-HELMÍNTICO
650 _aRIO DE JANEIRO
773 0 _tArquivo Brasileiro de Medicina Veterinária e Zootecnia (Brazil)
_xISSN 0102-0935
_g(Feb 2005), v. 57(1) p. 43-47
_wBR0602852
909 _a202311
_bLúcia
_c55
_dLúcia Elande
942 _2AGRIS
_n0
_cANA
999 _c186157
_d186157